书目信息 |
| 题名: |
英语常用同根词解析
|
|
| 作者: | 蓝之中 , 蓝青 主编 | |
| 分册: | ||
| 出版信息: | 长沙 湖南大学出版社 2006.06 |
|
| 页数: | 486页 | |
| 开本: | 21cm | |
| 丛书名: | ||
| 单 册: | ||
| 中图分类: | H314.1 | |
| 科图分类: | ||
| 主题词: | 英语--ying yu--词根--研究 | |
| 电子资源: | ||
| ISBN: | 7-81113-023-8 | |
| 000 | 00811nam0 2200229 450 | |
| 001 | 012006407585 | |
| 005 | 20070529092938.98 | |
| 010 | @a7-81113-023-8@dCNY28.00 | |
| 100 | @a20061225d2006 km y0chiy0120 ea | |
| 101 | 0 | @achi@aeng |
| 102 | @aCN@b430000 | |
| 105 | @ay z 000yy | |
| 200 | 1 | @a英语常用同根词解析@Aying yu chang yong tong gen ci jie xi@f蓝之中, 蓝青主编@Flan zhi zhong,lan qing zhu bian |
| 210 | @a长沙@c湖南大学出版社@d2006.06 | |
| 215 | @a486页@d21cm | |
| 330 | @a本书按字母顺序将160个拉丁词根所构成的约5000个英语单词以同族词作为划分标准汇编成册。所选词条均包括音标、汉语释义、词性。 | |
| 606 | 0 | @a英语@Aying yu@x词根@x研究 |
| 690 | @aH314.1@v4 | |
| 701 | 0 | @a蓝之中@Alan zhi zhong@4主编 |
| 701 | 0 | @a蓝青@Alan qing@4主编 |
| 801 | 0 | @aCN@c20070529 |
| 905 | @b233356-58@dH314.1@eL046 | |
| 英语常用同根词解析/蓝之中, 蓝青主编.-长沙:湖南大学出版社,2006.06 |
| 486页;21cm |
| ISBN 7-81113-023-8:CNY28.00 |
| 本书按字母顺序将160个拉丁词根所构成的约5000个英语单词以同族词作为划分标准汇编成册。所选词条均包括音标、汉语释义、词性。 |
| ● |
| 相关链接 |
|
|
|
正题名:英语常用同根词解析
索取号:H314.1/L046
 
预约/预借
| 序号 | 登录号 | 条形码 | 馆藏地/架位号 | 状态 | 备注 |
| 1 | 233356 | 202333563 | 语言库209/ [索取号:H314.1/L046] | 在馆 | |
| 2 | 233357 | 202333572 | 语言库209/209语言库 36排1列1层/ [索取号:H314.1/L046] | 在馆 | |
| 3 | 233358 | 202333581 | 语言库209/209语言库 36排1列1层/ [索取号:H314.1/L046] | 在馆 |